Penguin puzzle / (Record no. 1010)

MARC details
000 -LEADER
fixed length control field 01248nam a22002777a 4500
005 - DATE AND TIME OF LATEST TRANSACTION
control field 20250826104326.0
020 ## - INTERNATIONAL STANDARD BOOK NUMBER
International Standard Book Number 0439204224 (pbk)
040 ## - CATALOGING SOURCE
Original cataloging agency DLC
Language of cataloging eng
Description conventions rda
Transcribing agency DLC
050 00 - LIBRARY OF CONGRESS CALL NUMBER
Classification number QL696.S473
Item number S715 2001
082 00 - DEWEY DECIMAL CLASSIFICATION NUMBER
Classification number 598.47
Edition number 23
100 1# - MAIN ENTRY--PERSONAL NAME
Personal name Stamper, Judith Bauer.
245 10 - TITLE STATEMENT
Title Penguin puzzle /
Statement of responsibility, etc. [written by Judith Bauer Stamper ; illustrations by Ted Enik].
260 ## - PUBLICATION, DISTRIBUTION, ETC.
Place of publication, distribution, etc. New York :
Name of publisher, distributor, etc. Scholastic,
Date of publication, distribution, etc. 2001.
300 ## - PHYSICAL DESCRIPTION
Extent 87 pages :
Other physical details illustrations;
Dimensions 20 cm.
490 0# - SERIES STATEMENT
Series statement The magic school bus, a science chapter book
500 ## - GENERAL NOTE
General note "Based on The Magic School Bus books written by Joanna Cole and illustrated by Bruce Degen."--T.p. verso.
505 ## - FORMATTED CONTENTS NOTE
Formatted contents note O <br/>
520 ## - SUMMARY, ETC.
Summary, etc. "Ms. Frizzle whisks her students away on a 'cool' trip to Antarctica, where they learn all about the South Pole and come face to face with playful penguins and colossal icebergs. When the kids are magically changed into real penguins, they need Ms. Frizzle's help to solve their penguin puzzle"--Provided by publisher.
521 ## - TARGET AUDIENCE NOTE
Target audience note 600 <br/>
Source Lexile <br/>
521 ## - TARGET AUDIENCE NOTE
Target audience note O <br/>
Source Raz-Plus <br/>
650 #0 - SUBJECT ADDED ENTRY--TOPICAL TERM
Topical term or geographic name entry element Penguins
Form subdivision Juvenile literature.
700 1# - ADDED ENTRY--PERSONAL NAME
Personal name Enik, Ted,
Relator term illustrator.
906 ## - LOCAL DATA ELEMENT F, LDF (RLIN)
a 7
b cbc
c orignew
d 2
e ncip
f 20
g y-gencatlg
942 ## - ADDED ENTRY ELEMENTS (KOHA)
Source of classification or shelving scheme Dewey Decimal Classification
Koha item type Books
Suppress in OPAC No
999 ## -
-- 1010
-- 1010
Holdings
Withdrawn status Lost status Source of classification or shelving scheme Damaged status Not for loan Collection Home library Current library Shelving location Date acquired Total Checkouts Full call number Barcode Date last seen Date last checked out Price effective from Koha item type Copy number
    Dewey Decimal Classification     Non-Fiction Footprints International School Library Network Toul Kork Campus Footprints International School Library Network Toul Kork Campus TK Primary Library Room(4th Floor), Bookcase 3&4, Shelves 17-32, Yellow Books 07/18/2023 1 STA 598.47 PZ7.S78612 FISTK01902 06/04/2024 10/23/2023 07/18/2023 Books  
    Dewey Decimal Classification     Non-Fiction Footprints International School Library Network Toul Tom Poung Campus Footprints International School Library Network Toul Tom Poung Campus TTP Primary Yellow Bookshelves 02/13/2025   STA 598.47 PZ7.S78612 2025-0538 02/13/2025   02/13/2025 Books 2
    Dewey Decimal Classification     Non-Fiction Footprints International School Library Network Toul Tom Poung Campus Footprints International School Library Network Toul Tom Poung Campus TTP Primary Yellow Bookshelves 08/26/2025   STA 598.47 PZ7.S78612 FIS03200 08/26/2025   08/26/2025 Books 3